000 00822nam a2200253Ia 4500
003 OSt
005 20220925222925.0
006 a|||||r|||| 00| 0
007 ta
008 220923b |||||||| |||| 00| 0 eng d
020 _a0712621318
037 _cGeneral Book
040 _aRTL
_cRTL
_beng
041 _2eng
_aeng
082 _aX:51-6, P3/TD
100 _aRajan Raghuram G
_9288562
245 0 _aSaving capitalism from the capitalists
_b Unleashing the power of financial markets to create wealth and spread opportunity
260 _aLondon
_bRandom House Business Books
_c2003
300 _axi, 369p
_ccm.
500 _aBibliography: P 342-57
700 _a Zingales Luigi
_9288563
942 _hX:51-6, P3/TD
_cGB
_2CC
999 _c578153
_d578153